000
00267nam a22001097a 4500
999
_c
4597
_d
4597
008
250304b ||||| |||| 00| 0 eng d
020
_a
9780753405208
082
_a
FIC CHA
100
_a
CHARMAN,ANDREW
_e
AUTHOR
245
_a
I WONDER WHY
_b
TREES HAVE LEAVES
942
_2
ddc